000
00337cam a2200145ua 4500
041
_a
eng
_h
082
_a
370.15
_b
BOA/ED
100
_a
Boax, G.D .
245
_a
educational psychology /
_c
Boax. G.D.
_h
Textual Documents
260
_a
:
_b
Boax G.D ,
_c
1958.
300
_a
303 ; .
504
_a
942
_c
BK
999
_c
12439
_d
12439